000
00308nam a22001337a 4500
008
170904b xxu||||| |||| 00| 0 eng d
020
_a
9780321127303
041
_a
eng
080
_a
070
100
_a
40
101
_a
MED
245
_a
THE COMPLETE MANUAL OF TOPOGRAPHY
_c
FELICI.J
942
_2
udc
_c
BK
999
_c
25930
_d
25930